000 00332pab a2200145 454500
008 180718b1987 xxu||||| |||| 00| 0 eng d
100 _aDholakia, Jitendra
245 _aComputers and growth without jobs
260 _c1987
300 _a16-17,21
362 _a28 Feb.
650 _aComputers
773 _aCommerce
909 _a6310
999 _c6310
_d6310